| 000 | 00613nam a22002057a 4500 | ||
|---|---|---|---|
| 005 | 20251108170042.0 | ||
| 008 | 250721s1995 xx 000 0 ara d | ||
| 082 | 1 | 4 | _aط/ق/صاب |
| 100 | 1 | _aصابر، مجدي | |
| 245 | 1 | 0 | _aهدية العيد / |
| 264 | 1 |
_aبيروت : _bدار الجيل، _c1995. |
|
| 300 | _a32ص. | ||
| 490 | 0 | _aمكتبة العصفور الصغير ،4 | |
| 650 | 1 | 7 | _aالأدب العربي |
| 650 | 1 | 7 | _aالقصص العربية |
| 650 | 1 | 7 | _aأدب الأطفال |
| 653 | _aاطفال مرحلة متوسطة (6-9) سنوات | ||
| 942 |
_2ddc _cBK |
||
| 999 |
_c38459 _d38459 |
||